000 00843nam a2200217 i 4500
001 145010
003 ES-MaACL
005 20230906201139.0
008 070214s1963 sz r ||||1| spa d
080 _a27:304.2(8)
100 1 _aPin, Emile.
_992056
245 1 0 _aElementos para una sociologĂ­a del catolicismo latinoamericano /
_cpor Emile Pin.
260 _aFriburgo :
_bOficina Internacional de Investigaciones Sociales de Feres,
_c1963.
300 _a120 p. ;
_c22 cm.
490 1 _aEstudios socio-religiosos latino-americanos ;
_v20
650 4 _aIglesia y problemas sociales-
_zAmérica Latina.
_9145345
710 2 _aOficina Internacional de Investigaciones Sociales.
_9172476
830 1 _aEstudios socio-religiosos latino-americanos ;
_v20
_9183494
852 _aES-MaACL
_jE-14415
_xOlim P-1014-bis
999 _c145010
_d145010